Rubbermark outwits traders (Record no. 68294)

MARC details
000 -LEADER
fixed length control field 00247nam a2200109Ia 4500
100 ## - MAIN ENTRY--AUTHOR NAME
Personal name Tiyo
245 #0 - TITLE STATEMENT
Title Rubbermark outwits traders
260 ## - PUBLICATION, DISTRIBUTION, ETC. (IMPRINT)
Name of publisher Rubber Asia
Year of publication 1994
300 ## - PHYSICAL DESCRIPTION
Number of Pages 65-67
942 ## - ADDED ENTRY ELEMENTS (KOHA)
Koha item type Journals
Holdings
Withdrawn status Lost status Damaged status Not for loan Home library Current library Date acquired Serial Enumeration / chronology Koha item type
      Journals RRII Library RRII Library 17/12/2021 Volume 8, Issue 3 Journals